Chicago Bulls 20 Points Per Game Players - Statistics

General Stats
  • This quiz has been taken 498 times
    199 since last reset
  • The average score is 10 of 17
Answer Stats
# Players Last % Correct
11 Michael Jordan 1998
100%
4 Scottie Pippen 1997
95%
3 Derrick Rose 2012
94%
6 Zach LaVine 2025
94%
1 Jalen Rose 2003
93%
3 DeMar DeRozan 2024
92%
3 Jimmy Butler 2017
74%
2 Artis Gilmore 1979
69%
1 Coby White 2025
66%
6 Bob Love 1975
55%
2 Ben Gordon 2009
34%
2 Bob Boozer 1969
33%
2 Elton Brand 2001
33%
2 Reggie Theus 1983
23%
3 Chet Walker 1972
17%
2 Orlando Woolridge 1986
15%
1 Clem Haskins 1970
1%
No matching quizzes found
Score Distribution
Percent of People with Each Score
Percentile by Number Answered
Your Score History
You have not taken this quiz since the last reset